World famous fairy tales
| Format: | Book |
|---|---|
| Published: |
Singapore :
System Publishing House Pte. Ltd. ,
1994
|
| Subjects: |
MARC
| LEADER | 00000cam a2200000 7i4500 | ||
|---|---|---|---|
| 001 | 0000008507 | ||
| 002 | 000009271 | ||
| 005 | 20000330.0 | ||
| 020 | |a 9813011920 | ||
| 090 | 0 | 0 | |a 398.2 |b WOR |
| 245 | 1 | 0 | |a World famous fairy tales |
| 260 | |a Singapore : |b System Publishing House Pte. Ltd. , |c 1994 | ||
| 300 | |a 48p. : |b ill ; |c 29cm. | ||
| 650 | 0 | 0 | |a Flok literature |
| 999 | |a 048424 |b BUKU |c PINJAMAN |e PERPUSTAKAAN KOMUNITI PETALING JAYA | ||